<?xml version="1.0" encoding="UTF-8"?>
<record
    xmlns:xsi="http://www.w3.org/2001/XMLSchema-instance"
    xsi:schemaLocation="http://www.loc.gov/MARC21/slim http://www.loc.gov/standards/marcxml/schema/MARC21slim.xsd"
    xmlns="http://www.loc.gov/MARC21/slim">

  <leader>00854nam a2200217Ia 4500</leader>
  <controlfield tag="003">IN-BaIIA</controlfield>
  <controlfield tag="008">211028s9999    xx            000 0 eng d</controlfield>
  <datafield tag="020" ind1=" " ind2=" ">
    <subfield code="a">978-1-4020-5572-0</subfield>
  </datafield>
  <datafield tag="040" ind1=" " ind2=" ">
    <subfield code="c">IIA Library</subfield>
  </datafield>
  <datafield tag="080" ind1=" " ind2=" ">
    <subfield code="a">524.6(082.1)</subfield>
    <subfield code="b">ISL</subfield>
  </datafield>
  <datafield tag="111" ind1=" " ind2=" ">
    <subfield code="a">Conference on Island Universes</subfield>
    <subfield code="c">Netherlands</subfield>
    <subfield code="d">2005 July 3 -8</subfield>
    <subfield code="9">32021</subfield>
  </datafield>
  <datafield tag="245" ind1=" " ind2="0">
    <subfield code="a">Island universes-structure and evolution of disk galaxies</subfield>
    <subfield code="b">proceedings of the conference held in Terschelling, Netherlands, 3 -8 July 2005</subfield>
    <subfield code="c">edited by R. S. De Jong                                         </subfield>
  </datafield>
  <datafield tag="260" ind1=" " ind2=" ">
    <subfield code="a">Dordrecht</subfield>
    <subfield code="b">Springer</subfield>
    <subfield code="c">2007</subfield>
  </datafield>
  <datafield tag="300" ind1=" " ind2=" ">
    <subfield code="a">xxiii, 581p.</subfield>
  </datafield>
  <datafield tag="490" ind1=" " ind2=" ">
    <subfield code="a">Astrophysics and space science proceedings; v. 3</subfield>
  </datafield>
  <datafield tag="650" ind1=" " ind2=" ">
    <subfield code="a">Disks(Astrophysics)</subfield>
    <subfield code="9">32022</subfield>
  </datafield>
  <datafield tag="650" ind1=" " ind2=" ">
    <subfield code="a">Galactic dynamics</subfield>
    <subfield code="9">1517</subfield>
  </datafield>
  <datafield tag="650" ind1=" " ind2=" ">
    <subfield code="a">Galaxies - Evolution</subfield>
    <subfield code="9">10343</subfield>
  </datafield>
  <datafield tag="700" ind1=" " ind2=" ">
    <subfield code="a">De Jong, R. S., ed.</subfield>
    <subfield code="9">32023</subfield>
  </datafield>
  <datafield tag="942" ind1=" " ind2=" ">
    <subfield code="c">BK</subfield>
  </datafield>
  <datafield tag="999" ind1=" " ind2=" ">
    <subfield code="c">17036</subfield>
    <subfield code="d">17036</subfield>
  </datafield>
  <datafield tag="952" ind1=" " ind2=" ">
    <subfield code="0">0</subfield>
    <subfield code="1">0</subfield>
    <subfield code="4">0</subfield>
    <subfield code="7">0</subfield>
    <subfield code="a">BAN</subfield>
    <subfield code="b">BAN</subfield>
    <subfield code="c">GEN</subfield>
    <subfield code="d">2008-08-27</subfield>
    <subfield code="e">VIS   </subfield>
    <subfield code="g">8929.00</subfield>
    <subfield code="l">0</subfield>
    <subfield code="o">524.6(082.1)/ ISL</subfield>
    <subfield code="p">17958</subfield>
    <subfield code="r">2021-11-05</subfield>
    <subfield code="v">8929.00</subfield>
    <subfield code="w">2008-08-27</subfield>
    <subfield code="y">BK</subfield>
    <subfield code="G">Rs. 8929.00  </subfield>
  </datafield>
</record>
